[Event "WYB14"]
[Site "Oropesa del Mar ESP"]
[Date "2001.10.28"]
[Round "7"]
[White "Sengupta,D"]
[Black "Nakamura,H"]
[Result "0-1"]
[WhiteElo "2287"]
[BlackElo "2466"]

1.e4 c5 2.Nf3 d6 3.d4 cxd4 4.Nxd4 Nf6 5.Nc3 a6 6.Bg5 e6 7.Qd2 Be7 8.f3 Nbd7
9.O-O-O Qc7 10.g4 O-O 11.h4 b5 12.Bxf6 Nxf6 13.g5 Nd7 14.h5 b4 15.Nb1 Nc5
16.Qe3 Bb7 17.Rd2 Qa5 18.g6 Bg5 19.f4 Bh6 20.gxh7+ Kh8 21.Bg2 Qxa2 22.Rg1 Rac8
23.e5 Bxg2 24.Rdxg2 Bxf4 25.Qxf4 Nd3+  0-1

[Event "WYB14"]
[Site "Oropesa del Mar ESP"]
[Date "2001.10.29"]
[Round "8"]
[White "Nakamura,H"]
[Black "Gonda,L"]
[Result "1/2-1/2"]
[WhiteElo "2466"]
[BlackElo "2309"]

1.c4 c6 2.e4 d5 3.exd5 cxd5 4.d4 Nf6 5.Nc3 Nc6 6.Nf3 g6 7.Bg5 Ne4 8.cxd5 Nxc3
9.bxc3 Qxd5 10.Qb3 Qe4+ 11.Be3 Be6 12.Qxb7 Rb8 13.Qa6 Rb1+ 14.Rxb1 Qxb1+
15.Ke2 Qc2+ 16.Bd2 Bd5 17.Ne5 Bh6 18.Qc8+ Nd8 19.Qd7+ Kf8 20.Qxd8+ Kg7 21.Qxd5 Qxd2+
22.Kf3 Qf4+ 23.Ke2 Qd2+ 24.Kf3 Qf4+ 25.Ke2  1/2-1/2

[Event "WYB14"]
[Site "Oropesa del Mar ESP"]
[Date "2001.10.30"]
[Round "9"]
[White "Bluvshtein,M"]
[Black "Nakamura,H"]
[Result "0-1"]
[WhiteElo "2357"]
[BlackElo "2466"]

1.d4 Nf6 2.c4 g6 3.Nc3 d5 4.Nf3 Bg7 5.Bf4 O-O 6.Rc1 dxc4 7.e4 Bg4 8.Bxc4 Bxf3
9.Qxf3 Nh5 10.Bg5 Nc6 11.d5 Ne5 12.Qe2 Nxc4 13.Qxc4 a6 14.Qb4 Qd6 15.Bxe7 Qxb4
16.Bxb4 Rfe8 17.f3 Nf4 18.Rd1 Nxg2+ 19.Kf2 Nf4 20.d6 cxd6 21.Bxd6 Ne6 22.e5 Rac8
23.Kg3 h5 24.Rhe1 Rc4 25.h4 Nd4 26.Re4 Nf5+ 27.Kh3 Rec8 28.Rd3 R4c6 29.Ba3 b5
30.Bb4 Rc4 31.a3 Rxe4 32.fxe4 Nh6 33.Rd6 Bxe5 34.Nd5 a5 35.Ne7+ Kg7  0-1

[Event "WYB14"]
[Site "Oropesa del Mar ESP"]
[Date "2001.11.01"]
[Round "10"]
[White "Nakamura,H"]
[Black "Predojevic,B"]
[Result "1-0"]
[WhiteElo "2466"]
[BlackElo "2352"]

1.e4 c5 2.Nf3 e6 3.d4 cxd4 4.Nxd4 a6 5.Bd3 Nf6 6.Nb3 Nc6 7.f4 b5 8.O-O Bb7
9.Qe2 Be7 10.N1d2 d6 11.Nf3 e5 12.a4 O-O 13.Be3 Ng4 14.Bd2 exf4 15.Bxf4 Bf6
16.axb5 axb5 17.Rad1 Bxb2 18.Bxb5 Qb6+ 19.Kh1 Be5 20.Nxe5 Ncxe5 21.c4 Ra3
22.Rb1 Rfa8 23.c5 dxc5 24.h3 Ng6 25.Nd2 Nxf4 26.Qxg4 Ne6 27.Nc4 Qc7 28.Nxa3 Rxa3
29.Be8 Nd8 30.Rbd1 Bc8 31.Qf4 Qxf4 32.Rxf4 g5 33.Rxd8 gxf4 34.Rxc8 f3 35.gxf3 Rxf3
36.Bd7+  1-0

[Event "WYB14"]
[Site "Oropesa del Mar ESP"]
[Date "2001.11.02"]
[Round "11"]
[White "Megararanto,S"]
[Black "Nakamura,H"]
[Result "1/2-1/2"]
[WhiteElo "2234"]
[BlackElo "2466"]

1.e4 c5 2.Nf3 d6 3.d4 cxd4 4.Nxd4 Nf6 5.Nc3 a6 6.Be2 e5 7.Nb3 Be6 8.O-O Be7
9.Be3 Nbd7 10.f4 Qc7 11.Bf3 Nb6 12.Nd2 exf4 13.Bxf4 Nfd7 14.Bg4 Nf6 15.Bf5 O-O
16.Kh1 Bxf5 17.exf5 Nfd5 18.Nxd5 Nxd5 19.Nb3 Nxf4 20.Rxf4 Bf6 21.c3 Rfe8
22.Qf3 Re5 23.Re4 Rae8 24.Rae1 Qc4 25.Rxe5 Rxe5 26.Rxe5 Bxe5 27.g3 h6 28.Kg2 b5
29.Nc1  1/2-1/2

[Event "GMA"]
[Site "Bermuda BER"]
[Date "2002.01.23"]
[Round "3"]
[White "Socko,B"]
[Black "Nakamura,H"]
[Result "0-1"]
[WhiteElo "2585"]
[BlackElo "2430"]

1.g3 Nf6 2.Bg2 d6 3.d4 g6 4.e4 Bg7 5.Nc3 c6 6.Nge2 O-O 7.O-O e5 8.h3 b5 9.Be3 Nbd7
10.dxe5 dxe5 11.Qd6 Bb7 12.a4 a6 13.g4 Re8 14.g5 Nh5 15.axb5 cxb5 16.Rfd1 Nf8
17.Qb4 Qb8 18.Nd5 Ne6 19.Nb6 a5 20.Rxa5 Rxa5 21.Qxa5 Bc6 22.Nd5 Nhf4 23.Nec3 Bxd5
24.exd5 Nd4 25.Kf1 Qc8 26.Ne4 Qxc2 27.Re1 Nxg2 28.Bxd4 Nxe1 29.Qxe1 Qc4+  0-1

[Event "GMA"]
[Site "Bermuda BER"]
[Date "2002.01.27"]
[Round "6"]
[White "Nakamura,H"]
[Black "Krush,I"]
[Result "1-0"]
[WhiteElo "2430"]
[BlackElo "2424"]

1.e4 c5 2.Nc3 Nc6 3.Nf3 e5 4.Bc4 Be7 5.d3 d6 6.Nd2 Nf6 7.Nf1 Bg4 8.f3 Be6
9.Ne3 O-O 10.O-O Nd4 11.a4 a6 12.Ncd5 Nxd5 13.Nxd5 Bg5 14.Bxg5 Qxg5 15.c3 Bxd5
16.Bxd5 Nc6 17.Qc1 Qxc1 18.Raxc1 g6 19.f4 Kg7 20.f5 f6 21.b4 Ne7 22.bxc5 Nxd5
23.exd5 dxc5 24.Rb1 Rf7 25.c4 gxf5 26.Rxf5 Re8 27.Rf2 f5 28.g4 f4 29.Re2 h5
30.gxh5 Kh6 31.Rb6+ Kxh5 32.Re6 Rg8+ 33.Kf2 Kg4 34.Kf1 Rh8 35.Rg2+ Kf5 36.Re2 f3
37.R2xe5+ Kg4 38.Rg6+ Kh3 39.Rg3+ Kxh2 40.Kf2 Rh3 41.Rxh3+ Kxh3 42.Rg5 Kh4
43.Rg3 b5 44.axb5 axb5 45.Rxf3 Rb7 46.Ke3 Kg5 47.d4 cxd4+ 48.Kxd4 bxc4 49.Kxc4 Kg6
50.Kc5 Rc7+ 51.Kb6 Rc1 52.d6 Rd1 53.Kc7 Rc1+ 54.Kd8 Rd1 55.d7 Kg5 56.Rc3  1-0

[Event "Open"]
[Site "Bermuda BER"]
[Date "2002.02.02"]
[Round "3"]
[White "Ernst,S"]
[Black "Nakamura,H"]
[Result "1/2-1/2"]
[WhiteElo "2459"]
[BlackElo "2430"]

1.d4 d5 2.c4 c6 3.Nf3 Nf6 4.e3 a6 5.Bd3 b5 6.b3 Bg4 7.Nbd2 Nbd7 8.Bb2 e6
9.Qc2 Bxf3 10.Nxf3 Bb4+ 11.Ke2 O-O 12.cxb5 cxb5 13.Rhc1 Rc8 14.Qxc8 Qxc8
15.Rxc8 Rxc8 16.a3 Bf8 17.a4 bxa4 18.Rxa4 Rb8 19.Nd2 Bb4 20.Rxa6 Bxd2 21.Kxd2 Rxb3
22.Ra8+ Rb8 23.Rxb8+ Nxb8 24.Bb5 Ne4+ 25.Ke2 Nd6 26.Ba4 Nc4 27.Bc3 Na6 28.Kd3 Nc7
29.Bb3 Nd6 30.Bb4 Nce8 31.Ba4 f5 32.f3 Kf7 33.Bc6 Nc8 34.Be1 Nf6 35.Kc3 Nd6
36.Kb4 Nc4 37.Bf2 g5 38.Bb5 Nd6 39.Bd3 Nd7 40.Bg3 Ke7 41.Ka5 h6 42.Be1 Kd8
43.Bg3 Ke7 44.h3 Nf6 45.Be5 Nf7 46.Bh2 Nd6 47.Kb4 Nd7 48.g4 fxg4 49.hxg4 Nb6
50.Kc5 Nbc4 51.Bg1 Nb7+  1/2-1/2

[Event "Open"]
[Site "Bermuda BER"]
[Date "2002.02.03"]
[Round "5"]
[White "Berg,E"]
[Black "Nakamura,H"]
[Result "1-0"]
[WhiteElo "2500"]
[BlackElo "2430"]

1.e4 c5 2.Nf3 d6 3.d4 cxd4 4.Nxd4 Nf6 5.Nc3 a6 6.Be3 Ng4 7.Bg5 h6 8.Bh4 g5
9.Bg3 Bg7 10.Be2 h5 11.Nf5 Bxf5 12.exf5 Qa5 13.O-O Bxc3 14.bxc3 Nf6 15.Bf3 Kf8
16.Rb1 Nbd7 17.Rxb7 Rc8 18.Bxh5 Qxc3 19.Be2 Qxc2 20.Bxa6 Qxa2 21.Bb5 Ne5
22.Re1 Qa8 23.Rb6 Qa5 24.Rb7 Qa8 25.Rb6 Qa5 26.Rxd6 exd6 27.Qxd6+ Kg8 28.Qxe5 Rc5
29.Qxc5 Qxe1+ 30.Bf1 Qb1 31.Qe3 Rh5 32.h3 g4 33.Be5 gxh3 34.Qg3+ Kh7 35.gxh3 Ne8
36.Kg2 Qc1 37.Bf4 Qe1 38.Bd3 Kh8 39.Be5+ Kh7 40.Bf4 Kh8 41.Be5+ Kh7 42.Qg4 Qxe5
43.Qxh5+ Kg8 44.Qg5+ Qg7 45.Qg3 Nf6 46.Kf3 Kh7 47.Bc4 Nd7 48.Qh4+ Qh6 49.Qxh6+ Kxh6
50.Ke4 Nf6+ 51.Ke5 Kg7 52.Bb5 Nh5 53.Be8 Nf6 54.Bc6 Nh5 55.Bf3 Nf6 56.h4 Nd7+
57.Kd6 Nf6 58.h5 Ng8 59.Ke5 Kh6 60.f6 Kg5 61.Be2 Nh6 62.Bd1 Kh4 63.f4 Kg3
64.Bb3 Kg4 65.Bxf7 Nxf7+ 66.Ke6 Nd8+ 67.Kd7 Kf5 68.Kxd8 Kxf6 69.h6 Kf7 70.f5 Kf8
71.f6 Kg8 72.Ke7 Kh7 73.f7  1-0

[Event "US Amateur Team East"]
[Site "Parsipanny USA"]
[Date "2002.02.17"]
[Round "4"]
[White "Dolgitser,K"]
[Black "Nakamura,H"]
[Result "0-1"]
[WhiteElo "2262"]
[BlackElo "2430"]

1.Nf3 Nf6 2.c4 g6 3.d4 Bg7 4.g3 O-O 5.Bg2 d6 6.O-O Nc6 7.d5 Na5 8.Nfd2 c5
9.Qc2 a6 10.Nc3 Bd7 11.b3 b5 12.Bb2 Rb8 13.Rae1 e5 14.Nd1 Nh5 15.f4 Qe7 16.e4 bxc4
17.bxc4 Rxb2 18.Nxb2 exf4 19.Nd3 fxg3 20.h3 Bd4+ 21.Kh1 Bxh3 22.Bxh3 g2+
23.Kxg2 Qg5+ 24.Kh1 Qh4 25.Rf3 Nf4 26.Nxf4 Qxe1+ 27.Rf1 Qe3 28.Qd1 Bc3 29.Nb1 Qxe4+
30.Qf3 Qxf3+ 31.Rxf3 Bg7 32.Nd2 Bh6 33.Bf1 Re8 34.Nb3 Nb7 35.Ng2 Re5 36.Kg1 f5
37.Bd3 Re7 38.Kf2 Nd8 39.Nf4 Bxf4 40.Rxf4 Rb7 41.Ke3 Nf7 42.Na5 Re7+ 43.Kd2 Ne5
44.Rf2 h5 45.Bxf5 gxf5 46.Rxf5 Rh7  0-1

[Event "Anibal Open"]
[Site "Linares ESP"]
[Date "2002.03.03"]
[Round "3"]
[White "Nakamura,H"]
[Black "Romanishin,O"]
[Result "1/2-1/2"]
[WhiteElo "2430"]
[BlackElo "2576"]

1.e4 e5 2.Nf3 Nc6 3.d4 exd4 4.Nxd4 Bc5 5.Nxc6 Qf6 6.Qd2 dxc6 7.Nc3 Ne7 8.Qf4 Qe6
9.Bd3 O-O 10.Qxc7 Bd6 11.Qa5 b5 12.O-O Qe5 13.f4 Qd4+ 14.Kh1 Bb4 15.Qc7 Bd6
16.Qa5 Bb4 17.Qc7 Bd6 18.Qa5 Bb4  1/2-1/2

[Event "Anibal Open"]
[Site "Linares ESP"]
[Date "2002.03.04"]
[Round "4"]
[White "Arencibia,W"]
[Black "Nakamura,H"]
[Result "0-1"]
[WhiteElo "2542"]
[BlackElo "2430"]

1.d4 Nf6 2.c4 g6 3.Nc3 Bg7 4.e4 d6 5.f4 O-O 6.Nf3 c5 7.dxc5 Qa5 8.Bd3 Qxc5
9.Qe2 Nc6 10.Be3 Qa5 11.O-O Bg4 12.Rac1 Nd7 13.Qf2 Bxf3 14.gxf3 Nc5 15.Bb1 Na4
16.Nxa4 Qxa4 17.Kh1 e6 18.h4 Ne7 19.h5 Qb4 20.Rc2 Rac8 21.b3 f5 22.Qh4 Kf7
23.Re2 Bf6 24.Qh2 b5 25.cxb5 Qxb5 26.Bxa7 Rc3 27.Bg1 Rg8 28.h6 Rgc8 29.Ree1 Ng8
30.a4 Qb4 31.exf5 exf5 32.Rd1 Ne7 33.a5 d5 34.a6 Rxb3 35.a7 Rb2 36.Qg3 d4
37.Bd3 Qa3 38.Rc1 Qxa7 39.Rxc8 Nxc8 40.Bc4+ Kf8 41.Qe1 Qe7 42.Qc1 Rb6 43.Re1 Qc7
44.Qa3+ Qd6 45.Qa8 Rb8 46.Qa4 Nb6 47.Qa6 Nxc4 48.Qxc4 Qxf4 49.Qc5+ Kg8 50.Qd5+ Kh8
51.Bh2 Qxh6 52.Qc6 Rf8 53.Re6 Bg7 54.Kg1 Qg5+ 55.Kf1 Qd8 56.Bd6 Rg8 57.Ke2 Qa8  0-1

[Event "Anibal Open"]
[Site "Linares ESP"]
[Date "2002.03.05"]
[Round "5"]
[White "Nakamura,H"]
[Black "Halkias,S"]
[Result "1/2-1/2"]
[WhiteElo "2430"]
[BlackElo "2546"]

1.e4 c5 2.Nc3 e6 3.f4 a6 4.Nf3 Nc6 5.d4 cxd4 6.Nxd4 Nxd4 7.Qxd4 b5 8.Be2 Bb7
9.Be3 Rc8 10.Qd3 Qc7 11.O-O-O Nf6 12.Bf3 Bb4 13.Bd2 Bxc3 14.Bxc3 Bxe4 15.Bxe4 Qxf4+
16.Kb1 Qxe4 17.Qg3 Nd5 18.Qxg7 Nxc3+ 19.bxc3 Rf8 20.Rd6 b4 21.Rd4 Qe3 22.c4 Qc3
23.Qg4 d5 24.Rxd5 Rxc4 25.Qe2 Qxc2+ 26.Qxc2 Rxc2 27.Kxc2 exd5 28.Kb3 Kd7
29.Kxb4 Kd6 30.Rf1 f5 31.Kc3 Kc5 32.g3 Rf6 33.Kd3 Rh6 34.Rf2 Rh3 35.Ke3 Rh5
36.h4 Rh6 37.Rxf5 Rg6 38.Rf3 Kc4 39.Kd2 d4 40.h5 Rg5 41.Ra3 Rg4 42.Rxa6 Rxg3
43.Rc6+ Kd5 44.Rc8 Rg2+ 45.Kd3 Rg3+ 46.Kd2 Rg2+ 47.Kd3 Rg3+ 48.Kd2 Ra3 49.Rc7 Rxa2+
50.Kd3 Ra3+ 51.Kd2 Ra2+ 52.Kd3 Ra3+ 53.Kd2 h6 54.Rh7 Ra2+ 55.Kd3 Ra3+ 56.Kd2 Ra2+
57.Kd3 Ra3+ 58.Kd2 Ra6 59.Kd3 Ke5 60.Re7+ Kf6 61.Rd7 Ke5 62.Re7+ Kf6 63.Rd7 Ra5
64.Rxd4 Rxh5 65.Ke2 Rf5 66.Rd3 Kg5 67.Rf3 Rb5 68.Kf2 Kg4 69.Ra3 h5 70.Kg1 Rb1+
71.Kh2  1/2-1/2

[Event "Anibal Open"]
[Site "Linares ESP"]
[Date "2002.03.06"]
[Round "6"]
[White "Bruzon,L"]
[Black "Nakamura,H"]
[Result "1-0"]
[WhiteElo "2569"]
[BlackElo "2430"]

1.e4 c5 2.Nf3 d6 3.d4 cxd4 4.Nxd4 Nf6 5.Nc3 a6 6.Be3 Ng4 7.Bc1 Nf6 8.h3 e6
9.g4 b5 10.Bg2 Bb7 11.a3 Be7 12.O-O Nfd7 13.a4 bxa4 14.Rxa4 Nb6 15.Ra2 O-O
16.Qe2 Qc7 17.Nb3 Nc6 18.Rd1 Rac8 19.Bf4 Rfd8 20.Nc5 Nd4 21.Rxd4 Qxc5 22.Rd3 Bg5
23.b4 Qxb4 24.Bxg5 f6 25.Bc1 Rxc3 26.Rb2 Qc4 27.Rxb6 Rxc2 28.Bd2 Bc6 29.Qe3 d5
30.exd5 exd5 31.Rc3 Rxc3 32.Qxc3 Qxc3 33.Bxc3 Bb5 34.Ba5 Rd7 35.Rb8+ Kf7
36.Rb7 Ke6 37.Rxd7 Bxd7 38.Kf1 Ke5 39.Ke2 f5 40.Bc7+ Kd4 41.g5 h5 42.f4 g6
43.Bb6+ Kc4 44.Ke3 d4+ 45.Bxd4 a5 46.Bf1+ Kd5 47.Bd3 h4 48.Bb2 Bc6 49.Ba3 Ba4
50.Kd2 Bb3 51.Kc3 Bd1 52.Bc1 Bf3 53.Be3 Bg2 54.Bf2 Bxh3 55.Bxh4 Bg4 56.Bf2 Bf3
57.Bd4 Kc6 58.Bc4 Bd1 59.Bf7 Bh5 60.Kb3 Kb5 61.Be8+  1-0

[Event "Anibal Open"]
[Site "Linares ESP"]
[Date "2002.03.07"]
[Round "7"]
[White "Nakamura,H"]
[Black "Arizmendi Martinez,J"]
[Result "0-1"]
[WhiteElo "2430"]
[BlackElo "2497"]

1.e4 e6 2.d4 d5 3.Nc3 Bb4 4.e5 c5 5.a3 Bxc3+ 6.bxc3 Ne7 7.Qg4 cxd4 8.Qxg7 Rg8
9.Qxh7 Qc7 10.Ne2 dxc3 11.f4 Bd7 12.Qd3 Nf5 13.Rg1 Qb6 14.g4 Nc6 15.Rg2 Nfd4
16.Nxc3 Qa5 17.Rb1 O-O-O 18.Bd2 Qxa3 19.Ne4 dxe4 20.Qxa3 Nxc2+ 21.Kd1 Nxa3
22.Ra1 Nd4 23.Rxa3 Bc6 24.h3 e3 25.Rxe3 Ba4+ 26.Kc1 Nb3+ 27.Rxb3 Bxb3 28.Rg3 Ba4
29.Bg2 Bc6 30.Bxc6 bxc6 31.h4 Rd4 32.h5 Rgd8 33.Rg2 Rd3 34.h6 Rh3 35.g5 Kd7
36.Rf2 Ke8 37.Bb4 Rd4 38.Bd6 Rh4 39.f5 exf5 40.Rxf5 Rdf4 41.Rxf4 Rxf4 42.e6 Rh4
43.exf7+ Kxf7 44.Kb2 Rh3 45.Bb4 Kg6 46.Bd2 a6 47.Kc2 a5 48.Bxa5 Kxg5 49.Bd2+ Kf5
50.Bc1 Ke4 51.Bg5 Kd5 52.Kd1 Ke4 53.Kd2 Rh5 54.Bf6 Rxh6 55.Bg7 Rh3 56.Kc2 Kd5
57.Kd2 Kc4 58.Bf8 Rd3+ 59.Kc2 Rf3 60.Bd6 Rf2+ 61.Kc1 c5 62.Be7 Kc3 63.Kb1 c4
64.Bh4 Rg2 65.Be7 Kb3 66.Bc5 Rh2 67.Be3 Rh1+ 68.Bc1 Rf1  0-1

[Event "Anibal Open"]
[Site "Linares ESP"]
[Date "2002.03.09"]
[Round "9"]
[White "Nakamura,H"]
[Black "Nielsen,PH"]
[Result "1/2-1/2"]
[WhiteElo "2430"]
[BlackElo "2642"]

1.e4 c6 2.d4 d5 3.e5 Bf5 4.Nc3 e6 5.g4 Bg6 6.Nge2 c5 7.h4 h5 8.Nf4 Nc6 9.Nxg6 fxg6
10.Ne2 Qb6 11.Nf4 cxd4 12.Bd3 Nxe5 13.Nxg6 Nxg6 14.Bxg6+ Kd7 15.gxh5 Bb4+
16.Kf1 Rf8 17.Kg2 Ne7 18.Qg4 Nxg6 19.Qxg6 d3 20.Be3 d4 21.Qxd3 Bc5 22.c3 Rxh5
23.cxd4 Qc6+ 24.Kg1 Bd6 25.Qg6 Rhf5 26.Rc1 Qb5 27.d5 Qxd5 28.Qxg7+ R8f7 29.Qc3 Rf8
30.Qg7+ R8f7 31.Qc3 Qf3 32.Qc8+ Ke7 33.Qg8 Bc5 34.Rh3 Qxh3 35.Bxc5+ Kf6 36.Bd4+ e5
37.Qd8+ Re7 38.Qf8+ Ke6 39.Qg8+ Kf6 40.Qf8+ Ke6 41.Qg8+ Kf6 42.Qf8+ Ke6 43.Qg8+ Kf6
44.Qf8+  1/2-1/2

[Event "Anibal Open"]
[Site "Linares ESP"]
[Date "2002.03.10"]
[Round "10"]
[White "Kallio,H"]
[Black "Nakamura,H"]
[Result "1/2-1/2"]
[WhiteElo "2522"]
[BlackElo "2430"]

1.d4 d5 2.c4 c6 3.Nc3 Nf6 4.e3 a6 5.Qc2 e6 6.c5 e5 7.dxe5 Nfd7 8.f4 Nxc5
9.Nf3 f6 10.b4 Ncd7 11.a3 a5 12.Rb1 axb4 13.axb4 Na6 14.Bxa6 Rxa6 15.e6 Nb6
16.Nd4 Nc4 17.O-O Rb6 18.Qa4 f5 19.Rd1 Be7 20.b5 O-O 21.bxc6 Rxb1 22.Nxb1 Qe8
23.Na3 Nd6 24.Bb2 Bf6 25.Qb4 Qe7 26.Qc5 Bxd4 27.Bxd4 bxc6 28.Qxc6 Bxe6 29.Bc5 Rd8
30.Nb5 Qe8 31.Qxe8+ Nxe8 32.Nd4 Bd7 33.Nf3 Rc8 34.Be7 Be6 35.Ra1 h6 36.Nd4 Kf7
37.Ra7 Rc7 38.Rxc7 Nxc7 39.Bd6 Na8 40.Bc5  1/2-1/2

[Event "FSGMA April"]
[Site "Budapest HUN"]
[Date "2002.04.02"]
[Round "1"]
[White "Vajda,L"]
[Black "Nakamura,H"]
[Result "1-0"]
[WhiteElo "2539"]
[BlackElo "2466"]

1.e4 c5 2.c3 Nf6 3.e5 Nd5 4.d4 cxd4 5.Nf3 Nc6 6.Bc4 Nb6 7.Bb3 d5 8.exd6 Qxd6
9.Na3 a6 10.O-O Be6 11.Bxe6 Qxe6 12.Re1 Qd5 13.Nxd4 Nxd4 14.Be3 Nb5 15.Bxb6 Qxd1
16.Raxd1 Nxa3 17.bxa3 e6 18.a4 Be7 19.Rd3 O-O 20.Rd7 Bg5 21.c4 Rfc8 22.c5 Kf8
23.Rxb7 Be7 24.Rc1 Rc6 25.Rc7 Rxc7 26.Bxc7 Rc8 27.Bb6 Ke8 28.c6 Bb4 29.Kf1 Ke7
30.Rc4 Ba3 31.Ba5 Kd6 32.c7 Kd5 33.Rc3 Bd6 34.Ke2 f5 35.h3 e5 36.g4 g6 37.f3 h5
38.gxh5 gxh5 39.Kd3 Bc5 40.Rc4 Bd6 41.Rc2 Ke6 42.Rc6 Kd5 43.Rxa6 Bxc7 44.Bxc7 Rxc7
45.Ra5+ Ke6 46.Rb5 e4+ 47.fxe4 fxe4+ 48.Kd4 Rc2 49.a3 Ra2 50.Rb3 Kf5 51.a5 Rd2+
52.Ke3 Rd5 53.a4 Ke6 54.Rb6+ Kd7 55.a6 Ra5 56.Kxe4 Rxa4+ 57.Kf5 Ke7 58.Kg6 h4
59.Rf6 Ra2 60.a7 Ra3 61.Rf3 Ra5 62.Rf4 Ke6 63.Rf6+ Ke7 64.Kg7 Rg5+ 65.Kh6 Ra5
66.Kg6 Ra3 67.Kg7 Rg3+ 68.Kh6 Ra3 69.Kg6 Rg3+ 70.Kh5 Kxf6 71.a8=Q Kg7 72.Qe4 Kg8
73.Kh6 Kf7 74.Qf4+ Ke8 75.Qxh4 Rg8 76.Kh7 Rg1 77.Qe4+ Kf7 78.Qf3+  1-0

[Event "FSGMA April"]
[Site "Budapest HUN"]
[Date "2002.04.03"]
[Round "2"]
[White "Nakamura,H"]
[Black "Bokros,A"]
[Result "1-0"]
[WhiteElo "2466"]
[BlackElo "2435"]

1.e4 c5 2.Nc3 Nc6 3.Nf3 e6 4.d4 cxd4 5.Nxd4 Nf6 6.Nxc6 bxc6 7.e5 Nd5 8.Ne4 Qc7
9.f4 Qb6 10.c4 Ne3 11.Qd3 Nf5 12.g4 Nd4 13.Bg2 Rb8 14.b3 a5 15.Bd2 Bb7 16.Bc3 c5
17.O-O Be7 18.Qd2 a4 19.Rab1 axb3 20.axb3 Bxe4 21.Bxe4 d5 22.cxd5 exd5 23.Bxd5 O-O
24.Bc4 Qh6 25.Qg2 Rfd8 26.Kh1 Ne6 27.g5  1-0

[Event "FSGMA April"]
[Site "Budapest HUN"]
[Date "2002.04.05"]
[Round "4"]
[White "Nakamura,H"]
[Black "Hoang Thanh Trang"]
[Result "1-0"]
[WhiteElo "2466"]
[BlackElo "2426"]

1.e4 e6 2.d4 d5 3.Nc3 Bb4 4.e5 c5 5.a3 Bxc3+ 6.bxc3 Ne7 7.Qg4 O-O 8.Bd3 Nbc6
9.Qh5 Ng6 10.Nf3 Qc7 11.Be3 Nce7 12.O-O c4 13.Be2 Bd7 14.a4 f6 15.Rfe1 fxe5
16.Nxe5 Nxe5 17.Qxe5 Qxe5 18.dxe5 Rfc8 19.a5 Nf5 20.Bd2 Be8 21.Reb1 Rc7 22.f4 Bg6
23.Kf2 Ne7 24.Ra2 Be4 25.g4 Nc6 26.h4 Rf8 27.Kg3 h5 28.Be3 hxg4 29.Bxg4 Kf7
30.Rab2 Rb8 31.Bc5 Rbc8 32.Rxb7 Nxa5 33.Rxa7 Bxc2 34.Rb8 Rxb8 35.Rxc7+ Kg6
36.Bxe6 Nb3 37.Bxd5 Rb5 38.Bf7+ Kf5 39.Be3 Na5 40.e6 Ba4 41.e7 Rb3 42.Bd4  1-0

[Event "FSGMA April"]
[Site "Budapest HUN"]
[Date "2002.04.06"]
[Round "5"]
[White "Gonda,L"]
[Black "Nakamura,H"]
[Result "0-1"]
[WhiteElo "2359"]
[BlackElo "2466"]

1.d4 d5 2.Nf3 Nf6 3.c4 c6 4.Nc3 dxc4 5.a4 Bf5 6.e3 e6 7.Bxc4 Nbd7 8.O-O Bb4
9.Qe2 O-O 10.Rd1 Qa5 11.Bd2 e5 12.Na2 Bxd2 13.Qxd2 Qc7 14.dxe5 Nxe5 15.Nxe5 Qxe5
16.Nc3 Ng4 17.Qd6 Bc2 18.Rd2 Qxd6 19.Rxd6 Rad8 20.Rxd8 Rxd8 21.Be2 Ne5 22.Kf1 a5
23.f4 Nd7 24.Rc1 Bb3 25.Bd1 Bc4+ 26.Ke1 Re8 27.Kf2 Nc5 28.Bc2 Bd3 29.Kf3 f5
30.Bxd3 Nxd3 31.Rb1 h6 32.e4 fxe4+ 33.Nxe4 Rd8 34.Rd1 Ne5+ 35.Ke2 Rxd1 36.Kxd1 Nd3
37.Nd6 b6 38.Nc4 b5 39.axb5 cxb5 40.Nxa5 Nxb2+ 41.Kc2 Na4 42.Nb7 Nb6 43.Nd6 b4
44.Kb3 Nd5 45.g3 Kf8 46.Kc4 Ne3+ 47.Kxb4 Nf1 48.Kc4 Ke7 49.Kd5 Nxh2 50.Nf5+ Kf6
51.Ne3 Kg6 52.g4 Nxg4  0-1

[Event "FSGMA April"]
[Site "Budapest HUN"]
[Date "2002.04.09"]
[Round "8"]
[White "Markus,R"]
[Black "Nakamura,H"]
[Result "0-1"]
[WhiteElo "2477"]
[BlackElo "2466"]

1.d4 Nf6 2.c4 g6 3.Nc3 Bg7 4.e4 d6 5.Be2 O-O 6.Nf3 e5 7.O-O Nc6 8.d5 Ne7
9.b4 a5 10.bxa5 c5 11.a4 Rxa5 12.Ra3 Ne8 13.Bd2 Ra6 14.Qb3 h6 15.Ne1 f5 16.f3 f4
17.Nd3 g5 18.a5 h5 19.Na4 g4 20.Nb6 gxf3 21.Bxf3 Bg4 22.Nf2 Nf6 23.Qd1 Bxf3
24.gxf3 Nd7 25.Nxd7 Qxd7 26.Rb3 Ng6 27.Kh1 Bf6 28.Rg1 Kh7 29.Qf1 Rf7 30.Nd3 Ra8
31.Nf2 Rg7 32.Qh3 Qxh3 33.Nxh3 Kh6 34.Rg2 Bd8 35.Rb5 Ra6 36.Be1 b6 37.axb6 Rxb6
38.Rxb6 Bxb6 39.Rb2 Bd8 40.Rb8 Rd7 41.Kg2 Be7 42.Rb5 Kg7 43.Ng1 Bd8 44.Rb8 Nh8
45.Ne2 Nf7 46.Nc3 Ba5 47.Ra8 Bxc3 48.Bxc3 Rb7 49.Ra1 Rb3 50.Rc1 Ra3 51.Rc2 Ra4
52.Be1 Ng5 53.Bh4 Kg6 54.Kf2 Nf7 55.Be7 Ra7 56.Bh4 Kg7 57.Ke2 Ra3 58.Be7 Ra7
59.Bh4 Kf8 60.Be1 Ra3 61.Bh4 Ra4 62.Bf6 Ra1 63.Kf2 Kg8 64.Be7 Kh7 65.Rb2 Ra7
66.Bh4 Kg6 67.Kg2 Ra4 68.Rc2 Ng5 69.Kf2 Ra3 70.Bxg5 Kxg5 71.Rb2 Ra6 72.Rb8 Kh4
73.Rh8 Ra2+ 74.Kg1 Rc2 75.Rh6 Rxc4 76.Rxd6 Rd4 77.Rc6 c4 78.Kg2 Rd2+ 79.Kg1 Rd3
80.Kf2 c3 81.Ke2 Re3+ 82.Kf2 Kh3 83.d6 Rd3 84.Ke2 Rd2+ 85.Ke1 Kxh2 86.Rxc3 Rxd6
87.Rc5 Re6 88.Kf2 h4 89.Ra5 h3 90.Rb5 Ra6 91.Rxe5 Ra2+  0-1

[Event "FSGMA April"]
[Site "Budapest HUN"]
[Date "2002.04.11"]
[Round "10"]
[White "Horvath,Cs"]
[Black "Nakamura,H"]
[Result "1-0"]
[WhiteElo "2542"]
[BlackElo "2430"]

1.d4 Nf6 2.c4 g6 3.Nc3 d5 4.Nf3 Bg7 5.Qa4+ Bd7 6.Qb3 dxc4 7.Qxc4 O-O 8.e4 Bg4
9.Be3 Nfd7 10.Qb3 Nb6 11.Rd1 Nc6 12.d5 Ne5 13.Be2 Nxf3+ 14.gxf3 Bh5 15.Rg1 Qd7
16.Rg3 e6 17.a4 Qe7 18.a5 Nd7 19.Qxb7 Be5 20.dxe6 fxe6 21.Qc6 Rad8 22.f4 Bxe2
23.Kxe2 Bxf4 24.Bxf4 Rxf4 25.Qxc7 Rf7 26.Rgd3 a6 27.R1d2 Qe8 28.Qc6 Rc8 29.Qxa6 Ra8
30.Qc6 Rc8 31.Qa4 Rc7 32.a6 Qf8 33.Rxd7 Rxf2+ 34.Kd1 Qf3+ 35.Kc2 Qf4 36.a7  1-0

[Event "FSGMA April"]
[Site "Budapest HUN"]
[Date "2002.04.12"]
[Round "11"]
[White "Nakamura,H"]
[Black "Antal,Ge"]
[Result "0-1"]
[WhiteElo "2430"]
[BlackElo "2426"]

1.e4 c5 2.c3 e6 3.d4 d5 4.e5 Nc6 5.Nf3 cxd4 6.cxd4 Nh6 7.Bxh6 gxh6 8.Be2 Bg7
9.O-O O-O 10.Na3 f6 11.exf6 Qxf6 12.Nc2 Bd7 13.b4 Be8 14.b5 Ne7 15.Ne3 Ng6
16.a4 Nf4 17.Ne5 Qg5 18.Bf3 Bxe5 19.dxe5 Qxe5 20.Re1 Qg7 21.g3 Nh3+ 22.Kg2 Ng5
23.Bg4 Bg6 24.f4 Be4+ 25.Kg1 Rxf4 26.gxf4 Nh3+ 27.Kf1 Nxf4 28.Ra2 Rf8 29.Rf2 h5
30.Bf3 Nh3 31.Rg2 Ng5 32.Qa1 Rxf3+ 33.Kg1 Nh3+ 34.Kh1 Rf7 35.Qc1 Nf4 36.Rg1 Nxg2
37.Nxg2 h6 38.Qd1 Rf2 39.h4 Rxg2  0-1

[Event "FSGMA April"]
[Site "Budapest HUN"]
[Date "2002.04.14"]
[Round "13"]
[White "Nakamura,H"]
[Black "Rajlich,V"]
[Result "1-0"]
[WhiteElo "2430"]
[BlackElo "2384"]

1.e4 c5 2.Nf3 d6 3.d4 cxd4 4.Nxd4 Nf6 5.Nc3 g6 6.Be3 Bg7 7.f3 O-O 8.Qd2 Nc6
9.O-O-O Nxd4 10.Bxd4 Be6 11.Kb1 Qc7 12.g4 Rfc8 13.g5 Nh5 14.Bxg7 Nxg7 15.Nd5 Qd7
16.Be2 Rc5 17.f4 Bxd5 18.exd5 Qf5 19.Rhg1 e6 20.dxe6 Nxe6 21.Rgf1 Rac8 22.Bd3 Qg4
23.Qe3 a5 24.Be4 Rd8 25.h3 Qh4 26.Bd5 Re8 27.Bxb7 Nc7 28.Qf3 d5 29.f5 Qe4
30.Qf2 Qe3 31.fxg6 Qxf2 32.gxh7+ Kxh7 33.Rxf2 Kg6 34.Rf6+ Kxg5 35.Rc6 Rxc6
36.Bxc6 Rd8 37.c4 d4 38.Bd5 Nxd5 39.Rxd4 Nc3+ 40.bxc3 Rh8 41.h4+ Kf5 42.Kc2  1-0

[Event "Panam U20"]
[Site "La Paz BOL"]
[Date "2002.06.05"]
[Round "1"]
[White "Nakamura,H"]
[Black "Cabrejos Tovar,J"]
[Result "1-0"]
[WhiteElo "2466"]
[BlackElo "2228"]

1.e4 e5 2.Nf3 Nc6 3.d4 exd4 4.Nxd4 Nf6 5.Nxc6 bxc6 6.e5 Qe7 7.Qe2 Nd5 8.c4 Ba6
9.b3 O-O-O 10.Bb2 c5 11.g3 Nb4 12.Bg2 d5 13.O-O dxc4 14.bxc4 Qe6 15.Nd2 Nd3
16.Bc3 Nxe5 17.Bxe5 f6 18.Qh5 Qxe5 19.Bh3+ Kb8 20.Rab1+ Bb7 21.Qf3 c6 22.Qxc6 Qc7
23.Rxb7+ Qxb7 24.Rb1 Qxb1+ 25.Nxb1 Be7 26.Qb5+ Kc7 27.Nc3  1-0

[Event "Panam U20"]
[Site "La Paz BOL"]
[Date "2002.06.06"]
[Round "2"]
[White "Bustamante Montoni,R"]
[Black "Nakamura,H"]
[Result "0-1"]
[WhiteElo "2203"]
[BlackElo "2466"]

1.Nf3 Nf6 2.c4 g6 3.Nc3 d5 4.d4 Bg7 5.Qb3 dxc4 6.Qxc4 O-O 7.e4 Na6 8.e5 Nd7
9.a3 Nb6 10.Qb3 Be6 11.Qd1 c5 12.Bxa6 bxa6 13.dxc5 Nd7 14.Be3 Qb8 15.Qe2 Nxe5
16.Nxe5 Bxe5 17.Rc1 Rd8 18.b4 Bf5 19.Qxa6 Bd3 20.Qa4 Bxh2 21.b5 Be5 22.Qh4 h5
23.a4 Bf6 24.Qh2 Qc8 25.Qh3 Qc7 26.g4 Bxc3+ 27.Rxc3 Qe5 28.Rc1 Qb2 29.Qf3 Rd4
30.gxh5 Qb4+ 31.Bd2 Re4+  0-1

[Event "Panam U20"]
[Site "La Paz BOL"]
[Date "2002.06.13"]
[Round "8"]
[White "Ramirez,Al"]
[Black "Nakamura,H"]
[Result "0-1"]
[WhiteElo "2288"]
[BlackElo "2466"]

1.e4 c5 2.Nf3 d6 3.d4 cxd4 4.Nxd4 Nf6 5.Nc3 a6 6.Be2 e5 7.Nb3 Be6 8.f4 Qc7
9.O-O Be7 10.Kh1 Nbd7 11.f5 Bc4 12.a4 O-O 13.g4 h6 14.g5 hxg5 15.Bxg5 d5
16.exd5 Bxd5+ 17.Bf3 Bxf3+ 18.Qxf3 Qc6 19.Qxc6 bxc6 20.Na5 Bb4 21.Nxc6 Bxc3
22.bxc3 Rfe8 23.a5 Rac8 24.Nb4 Ne4 25.Be3 Rxc3 26.Bg1 Rc4 27.Rfb1 Nec5 28.Nd3 Rxc2
29.Nxc5 Nxc5 30.Rb6 e4 31.Rc6 Nb3 32.Rxc2 Nxa1 33.Rc6 e3 34.Bxe3 Rxe3 35.Rxa6 Ra3
36.Ra8+ Kh7 37.a6 Nc2 38.f6 gxf6 39.a7 Ne3 40.Kg1 Ng4 41.h3 Ne5 42.Kg2 Nc6
43.Rb8 Rxa7 44.Rb6 Rc7 45.Kg3 Kg6  0-1

[Event "30th World Open"]
[Site "Philadelphia USA"]
[Date "2002.07.05"]
[Round "7"]
[White "Benen,S"]
[Black "Nakamura,H"]
[Result "0-1"]
[WhiteElo "2235"]
[BlackElo "2466"]

1.e4 c5 2.Nf3 d6 3.Bc4 Nc6 4.O-O Nf6 5.d3 g6 6.h3 Bg7 7.Bb3 O-O 8.c3 b5 9.Re1 d5
10.e5 Ne8 11.Bf4 Bf5 12.Na3 Nc7 13.Qd2 a5 14.Bd1 d4 15.c4 b4 16.Nb1 a4 17.Qe2 b3
18.a3 f6 19.Nbd2 Ra6 20.Bh2 Nxe5 21.Nxe5 fxe5 22.Ne4 Rc6 23.Qd2 Ne6 24.Bf3 Ra6
25.h4 Qa5 26.Rad1 Qxd2 27.Rxd2 Bh6 28.Rde2 Bf4 29.g3 Bh6 30.Kg2 Bh3+ 31.Kxh3 Rxf3
32.Kg4 Rxd3 33.f4 Bg7 34.h5 exf4 35.gxf4 Re3 36.f5 gxf5+ 37.Kxf5 Bh6 38.Rg2+ Kf7
39.Rf1 Ng7+ 40.Ke5+ Ke8  0-1